000 01274nam a22003857a 4500
003 CHAP
005 20220817041057.0
008 971013s1991 r 00010 d
010 _a5927
011 _a6899
035 _a6122
040 _cCHAP
082 _a636.4
_bV4
100 0 0 _aVerstegen, M. W. A.
_9118963
245 _aDigestive physiology in pigs
_b: proceedings
260 _aWageningen :
_bPudoc,
_c1991
300 _a481 p.
490 _aEAAP Publication
_v; 54
500 _a60-69
590 _aBATCH-UPD
_b10
_c20130110
_lUCH01
_h0104
590 _aBATCH-UPD
_b10
_c20130110
_lUCH01
_h1335
590 _aBATCH-UPD
_b10
_c20130409
_lUCH01
_h2054
590 _aBATCH-UPD
_b10
_c20130410
_lUCH01
_h0839
590 _aBATCH-UPD
_b10
_c20130914
_lUCH01
_h1226
590 _aCONVERSION
_b10
_c20130109
_lUCH01
_h1304
650 1 4 _aDigestión.
_932567
650 1 4 _aGanado porcino
_xAnatomía y fisiología.
_945332
700 0 _aHartog, L. A. den.
_952965
700 0 _aHuisman, J.
_956830
710 0 _aInternational Symposium on Digestive Physiology in Pigs (5:1991: Wageningen, Netherlands)
_959895
830 0 _aEAAP Publication
_v; 54
901 _aBK
942 _cLIBRO
949 _a636.4 V4
_bBC
_cLIBRO
_d33724000099669
_eLIBRO
_gI.166589
_h82883
_i6122
_si
_t491.00
999 _c5927
_d5927